000 00477nam a2200169Ia 4500
999 _c18932
_d18932
003 OSt
005 20200626142118.0
008 190216s9999||||xx |||||||||||||| ||und||
040 _coclc
082 _a954
_bKUR/I
100 _aKuriyan, George
_93279
245 0 _aIndia General Survey /
_cGeorge Kuriyan
260 _bNational Book Trust India,
_c1969.
_aNew Delhi:
300 _a185p
650 _aHistory
942 _cBK
_2ddc
_h954
_iKUR/I
_k954
_mKUR/I